000 00439nam a2200169Ia 4500
008 230718s9999 xx 000 0 und d
020 _a9789351108528
041 _aeng
082 _a006.7'8
_bARN
100 _aArnold J.
_9114009
245 _aOpenStack Swift
260 _c2014
_bSPD/O'Reilly
300 _a312
365 _cRs.
_b600.00
700 _aArnold J.
_9114009
906 _dO:0485819-Jan-2016B:SE/SI/247413-Oct-2015
_cIT
_b750
999 _c341141
_d341141